When plague strikes : (Record no. 2453)

MARC details
000 -LEADER
fixed length control field 01510cam a2200361 a 4500
005 - DATE AND TIME OF LATEST TRANSACTION
control field 20231208135812.0
020 ## - INTERNATIONAL STANDARD BOOK NUMBER
International Standard Book Number 0060258543 :
Terms of availability $14.95 ($19.95 Cdn.)
020 ## - INTERNATIONAL STANDARD BOOK NUMBER
International Standard Book Number 9780545045674
020 ## - INTERNATIONAL STANDARD BOOK NUMBER
International Standard Book Number 0060258640 (pbk.)
040 ## - CATALOGING SOURCE
Original cataloging agency DLC
Transcribing agency DLC
Modifying agency DLC
Language of cataloging eng
050 00 - LIBRARY OF CONGRESS CALL NUMBER
Classification number RA644.P7
Item number G53 1995
082 00 - DEWEY DECIMAL CLASSIFICATION NUMBER
Classification number 614.4/9
Edition number 20
100 1# - MAIN ENTRY--PERSONAL NAME
Personal name Giblin, James Cross
Dates associated with a name 1933-2016
245 10 - TITLE STATEMENT
Title When plague strikes :
Remainder of title the Black Death, smallpox, AIDS /
Statement of responsibility, etc. by James Cross Giblin ; woodcuts by David Frampton
260 ## - PUBLICATION, DISTRIBUTION, ETC.
Place of publication, distribution, etc. New York :
Name of publisher, distributor, etc. Scholastic,
Date of publication, distribution, etc. 1995
300 ## - PHYSICAL DESCRIPTION
Extent 212 pages :
Other physical details illustrations ;
Dimensions 24 cm
505 ## - FORMATTED CONTENTS NOTE
Formatted contents note Z
520 ## - SUMMARY, ETC.
Summary, etc. Compassionate and arresting, this exploration of three major diseases that have changed the course of history--the bubonic plague, smallpox, and AIDS--chronicles their fearsome death toll, their lasting social, economic, and political implications, and how medical knowledge and treatments have advanced as a result of the crises they have occasioned.
521 ## - TARGET AUDIENCE NOTE
Target audience note 1190
Source Lexile
521 ## - TARGET AUDIENCE NOTE
Target audience note Z
Source Raz-Plus
650 #0 - SUBJECT ADDED ENTRY--TOPICAL TERM
Topical term or geographic name entry element Plague
General subdivision History
-- Juvenile literature.
650 #0 - SUBJECT ADDED ENTRY--TOPICAL TERM
Topical term or geographic name entry element Smallpox
General subdivision History
-- Juvenile literature.
650 #0 - SUBJECT ADDED ENTRY--TOPICAL TERM
Topical term or geographic name entry element AIDS (Disease)
General subdivision History
-- Juvenile literature.
650 #1 - SUBJECT ADDED ENTRY--TOPICAL TERM
Topical term or geographic name entry element Plague
General subdivision History.
650 #1 - SUBJECT ADDED ENTRY--TOPICAL TERM
Topical term or geographic name entry element Smallpox
General subdivision History.
650 #1 - SUBJECT ADDED ENTRY--TOPICAL TERM
Topical term or geographic name entry element AIDS (Disease)
General subdivision History.
650 #1 - SUBJECT ADDED ENTRY--TOPICAL TERM
Topical term or geographic name entry element Epidemics
General subdivision History.
650 #1 - SUBJECT ADDED ENTRY--TOPICAL TERM
Topical term or geographic name entry element Diseases
General subdivision History.
700 1# - ADDED ENTRY--PERSONAL NAME
Personal name Frampton, David
Relator term illustrator
906 ## - LOCAL DATA ELEMENT F, LDF (RLIN)
a 7
b cbc
c orignew
d 1
e ocip
f 19
g y-gencatlg
942 ## - ADDED ENTRY ELEMENTS (KOHA)
Source of classification or shelving scheme Dewey Decimal Classification
Koha item type Books
Suppress in OPAC No
999 ## -
-- 2453
-- 2453
Holdings
Withdrawn status Lost status Source of classification or shelving scheme Damaged status Not for loan Collection Home library Current library Shelving location Date acquired Total Checkouts Full call number Barcode Date last seen Price effective from Koha item type
    Dewey Decimal Classification     Non-Fiction Footprints International School Library Network Toul Kork Campus Footprints International School Library Network Toul Kork Campus TTP Secondary Non-Fiction Bookshelves 12/08/2023   FRA 614.4/9 RA644.P7 FISSE01172 12/08/2023 12/08/2023 Books